00266nam a22000977a 4500020001900000082001900019100002300038245004000061260005400101300001300155 a 9783847343660 a621.384bTHO/Z aThombare, Nilima D aZigbee and RFID based System Design aGermany:bLap Lambert Academic Publishing,c2012. a88 pages